Canadian Bodies of Water A-Z - Statistics

General Stats
  • This quiz has been taken 26 times
  • The average score is 10 of 23
Answer Stats
Hint Answer % Correct
B- A bay north of Canada’s largest island Baffin Bay
85%
E- The southernmost of the Great Lakes Lake Erie
85%
H- The second largest of the great lakes Lake Huron
85%
S- The largest freshwater lake in the world Lake Superior
85%
O- The lake Toronto is on Lake Ontario
80%
F- A bay which is known for its drastic changes in sea level Bay of Fundy
75%
C- A river which has its mouth at Portland, Oregon Columbia River
65%
W- A lake north of Manitoba’s capital Lake Winnipeg
65%
Y- A river where it’s mouth is in Alaska Yukon River
60%
A- Saskatchewan’s largest lake Athabasca
55%
V- A harbour on the south side of Vancouver Island Victoria Harbour
45%
J- The bay home to the Nunavut island of Akimiski James Bay
35%
D- A Saskatchewan lake made up mostly of the South Saskatchewan river. Named after the first prime minister from the prairie province Lake Diefenbaker
30%
N- A Manitoban river flowing into the Hudson Bay Nelson River
30%
T- An Ontarion bay which shares its name with a nearby town, near where Terry Fox ended up finishing his run for cancer Thunder Bay
30%
G- The bay which is southeast of Manitoulin Island Georgian Bay
25%
P- A northern Albertan river that flows into the Athabasca Peace River
25%
R- One of the 2 intersecting rivers going through a western Canadian provincial capital Red River
25%
U- A bay between the two major peninsulas in northern Quebec Ungava Bay
25%
K- A British Columbian river that goes deep into the USA before curving back up. The river ends at Castlegar Kootenay River
15%
M- The largest of the Canadian tributaries to lead to the Mississippi. Mostly in Alberta Milk River
10%
L- The largest river that lies solely in Quebec.(Not on any borders, provincial or international) La Grande Rivière
5%
Q- A bay in between Queen Victoria Island and mainland Nunavut Queen Maud Gulf
5%
No matching quizzes found
Score Distribution
Percent of People with Each Score
Percentile by Number Answered
Your Score History
You have not taken this quiz